[Event "45th FIDE Chess Olympiad Open"]
[Site "Budapest, Hungary"]
[Date "2024.09.20"]
[Round "9"]
[White "Taieb, Sahbi"]
[Black "Miezis, Normunds"]
[Result "0-1"]
[Board "147"]
[WhiteFideId "5500770"]
[BlackFideId "11600136"]
[WhiteTitle "CM"]
[BlackTitle "GM"]
[WhiteElo "2118"]
[BlackElo "2417"]
[WhiteTeam "Tunisia"]
[BlackTeam "Latvia"]
[WhiteClock "0:00:33"]
[BlackClock "0:21:28"]
[Variant "Standard"]

1. e4 {[%clk 1:30:54]}  c5 {[%clk 1:30:38]} 2. Nc3 {[%clk 1:31:10]}  e6 {[%clk 1:29:21]} 3. Nf3 {[%clk 1:30:41]}  a6 {[%clk 1:29:25]} 4. g3 {[%clk 1:30:18]}  Nc6 {[%clk 1:28:57]} 5. Bg2 {[%clk 1:30:38]}  g5 {[%clk 1:27:30]} 6. d3 {[%clk 1:26:32]}  h6 {[%clk 1:26:45]} 7. Be3 {[%clk 1:19:32]}  d6 {[%clk 1:09:10]} 8. h3 {[%clk 1:15:10]}  e5 {[%clk 0:59:04]} 9. Ne2 {[%clk 1:06:09]}  Nge7 {[%clk 0:48:59]} 10. c3 {[%clk 1:01:50]}  f5 {[%clk 0:40:01]} 11. exf5 {[%clk 1:00:57]}  Nxf5 {[%clk 0:39:55]} 12. Bd2 {[%clk 1:00:30]}  Be6 {[%clk 0:37:01]} 13. g4 {[%clk 0:56:27]}  Nfe7 {[%clk 0:35:23]} 14. Ng3 {[%clk 0:56:46]}  d5 {[%clk 0:32:45]} 15. Qe2 {[%clk 0:49:40]}  Ng6 {[%clk 0:28:42]} 16. O-O {[%clk 0:46:28]}  Qc7 {[%clk 0:19:36]} 17. Nh5 {[%clk 0:42:45]}  O-O-O {[%clk 0:17:47]} 18. Rab1 {[%clk 0:39:31]}  Bd6 {[%clk 0:12:25]} 19. b4 {[%clk 0:38:06]}  Rhf8 {[%clk 0:12:38]} 20. b5 {[%clk 0:33:30]}  axb5 {[%clk 0:12:26]} 21. Rxb5 {[%clk 0:33:50]}  Qf7 {[%clk 0:08:50]} 22. Rfb1 {[%clk 0:28:24]}  Rd7 {[%clk 0:08:56]} 23. Be3 {[%clk 0:27:49]}  Qe7 {[%clk 0:08:12]} 24. Bc1 {[%clk 0:18:02]}  Rc7 {[%clk 0:06:18]} 25. a4 {[%clk 0:17:38]}  Bg8 {[%clk 0:04:49]} 26. Ng3 {[%clk 0:12:48]}  Nf4 {[%clk 0:05:04]} 27. Bxf4 {[%clk 0:12:26]}  exf4 {[%clk 0:05:20]} 28. Qxe7 {[%clk 0:11:23]}  Nxe7 {[%clk 0:05:41]} 29. Ne2 {[%clk 0:07:30]}  Bh7 {[%clk 0:05:44]} 30. Nc1 {[%clk 0:07:54]}  Rf6 {[%clk 0:04:51]} 31. Rb6 {[%clk 0:06:55]}  Re6 {[%clk 0:04:59]} 32. a5 {[%clk 0:07:02]}  Nc6 {[%clk 0:04:44]} 33. a6 {[%clk 0:07:07]}  bxa6 {[%clk 0:04:50]} 34. Rxa6 {[%clk 0:07:30]}  Kd7 {[%clk 0:04:53]} 35. Ra8 {[%clk 0:03:51]}  Re8 {[%clk 0:04:48]} 36. Rxe8 {[%clk 0:03:44]}  Kxe8 {[%clk 0:05:14]} 37. h4 {[%clk 0:03:58]}  Be7 {[%clk 0:05:22]} 38. hxg5 {[%clk 0:04:04]}  hxg5 {[%clk 0:05:44]} 39. Rb6 {[%clk 0:04:24]}  Kd7 {[%clk 0:05:37]} 40. Nd2 {[%clk 0:02:11]}  Bg8 {[%clk 0:05:29]} 41. Ncb3 {[%clk 0:00:33]}  Ne5 {[%clk 0:01:43]} 42. d4 {[%clk 0:27:08]}  cxd4 {[%clk 0:30:54]} 43. cxd4 {[%clk 0:27:28]}  Nc4 {[%clk 0:30:56]} 44. Rg6 {[%clk 0:26:43]}  Bf7 {[%clk 0:28:22]} 45. Rg7 {[%clk 0:25:39]}  Nxd2 {[%clk 0:27:44]} 46. Nxd2 {[%clk 0:25:45]}  Ke8 {[%clk 0:28:02]} 47. Nf3 {[%clk 0:22:24]}  Bf6 {[%clk 0:27:31]} 48. Rh7 {[%clk 0:21:15]}  Rc1+ {[%clk 0:24:44]} 49. Kh2 {[%clk 0:18:29]}  Kf8 {[%clk 0:24:11]} 50. Ne5 {[%clk 0:17:24]}  Bxe5 {[%clk 0:23:58]} 51. dxe5 {[%clk 0:17:50]}  Re1 {[%clk 0:23:52]} 52. Rxf7+ {[%clk 0:08:39]}  Kxf7 {[%clk 0:23:58]} 53. Bxd5+ {[%clk 0:09:06]}  Ke7 {[%clk 0:24:17]} 54. e6 {[%clk 0:09:33]}  Kd6 {[%clk 0:24:23]} 55. Bb3 {[%clk 0:09:01]}  Rb1 {[%clk 0:24:35]} 56. Bc4 {[%clk 0:09:09]}  Rb4 {[%clk 0:24:56]} 57. Ba6 {[%clk 0:05:38]}  Kxe6 {[%clk 0:25:05]} 58. Kg2 {[%clk 0:06:04]}  Ke5 {[%clk 0:25:23]} 59. Bc8 {[%clk 0:06:20]}  Rb3 {[%clk 0:25:13]} 60. Bd7 {[%clk 0:06:36]}  Kd4 {[%clk 0:25:10]} 61. Bc6 {[%clk 0:06:53]}  Kd3 {[%clk 0:24:28]} 62. Kf3 {[%clk 0:00:44]}  Rb6 {[%clk 0:20:11]} 63. Bd7 {[%clk 0:00:35]}  Rb4 {[%clk 0:20:14]} 64. Be6 {[%clk 0:00:36]}  Kd2 {[%clk 0:20:35]} 65. Bd5 {[%clk 0:00:38]}  Ke1 {[%clk 0:20:53]} 66. Be6 {[%clk 0:00:40]}  Rb2 {[%clk 0:20:39]} 67. Bc4 {[%clk 0:00:33]}  Rxf2+ {[%clk 0:20:46]} 68. Ke4 {[%clk 0:01:00]}  Rc2 {[%clk 0:20:56]} 69. Bd3 {[%clk 0:00:32]}  Rc5 {[%clk 0:21:10]} 70. Kd4 {[%clk 0:00:33]}  Ra5 {[%clk 0:21:28]} 0-1

[Event "45th FIDE Chess Olympiad Open"]
[Site "Budapest, Hungary"]
[Date "2024.09.20"]
[Round "9"]
[White "Starostits, Ilmars"]
[Black "Amdouni, Zoubaier"]
[Result "1-0"]
[Board "148"]
[WhiteFideId "11600748"]
[BlackFideId "5500419"]
[WhiteTitle "GM"]
[BlackTitle "FM"]
[WhiteElo "2344"]
[BlackElo "2151"]
[WhiteTeam "Latvia"]
[BlackTeam "Tunisia"]
[WhiteClock "0:39:17"]
[BlackClock "0:01:56"]
[Variant "Standard"]

1. e4 {[%clk 1:30:56]}  c5 {[%clk 1:30:56]} 2. Nc3 {[%clk 1:31:21]}  Nc6 {[%clk 1:31:10]} 3. g3 {[%clk 1:31:46]}  g6 {[%clk 1:31:10]} 4. Bg2 {[%clk 1:32:10]}  Bg7 {[%clk 1:31:36]} 5. f4 {[%clk 1:32:31]}  d6 {[%clk 1:31:47]} 6. d3 {[%clk 1:32:56]}  e6 {[%clk 1:30:35]} 7. Nf3 {[%clk 1:33:20]}  Nge7 {[%clk 1:30:50]} 8. O-O {[%clk 1:33:41]}  O-O {[%clk 1:30:52]} 9. Be3 {[%clk 1:34:05]}  b6 {[%clk 1:30:28]} 10. Bf2 {[%clk 1:33:54]}  e5 {[%clk 1:28:07]} 11. Qd2 {[%clk 1:31:59]}  Nd4 {[%clk 1:20:40]} 12. Nh4 {[%clk 1:22:16]}  f6 {[%clk 1:04:41]} 13. Rae1 {[%clk 1:19:04]}  g5 {[%clk 0:52:58]} 14. Nf5 {[%clk 1:07:04]}  Bxf5 {[%clk 0:37:26]} 15. exf5 {[%clk 1:07:24]}  gxf4 {[%clk 0:37:50]} 16. gxf4 {[%clk 1:05:32]}  d5 {[%clk 0:26:11]} 17. fxe5 {[%clk 1:03:35]}  Ndxf5 {[%clk 0:18:08]} 18. e6 {[%clk 0:59:51]}  Kh8 {[%clk 0:15:16]} 19. d4 {[%clk 0:56:21]}  Bh6 {[%clk 0:10:37]} 20. Qd3 {[%clk 0:56:02]}  Rg8 {[%clk 0:06:57]} 21. dxc5 {[%clk 0:54:17]}  d4 {[%clk 0:07:03]} 22. Ne4 {[%clk 0:53:40]}  Nd5 {[%clk 0:04:24]} 23. Ng3 {[%clk 0:49:14]}  Nde3 {[%clk 0:03:43]} 24. cxb6 {[%clk 0:42:37]}  Nxg2 {[%clk 0:01:30]} 25. Kxg2 {[%clk 0:40:14]}  Qd5+ {[%clk 0:01:56]} 26. Qe4 {[%clk 0:39:17]} 1-0

[Event "45th FIDE Chess Olympiad Open"]
[Site "Budapest, Hungary"]
[Date "2024.09.20"]
[Round "9"]
[White "Garcia Pantoja, Roberto"]
[Black "Sanchez Alvarez, Roberto Carlos"]
[Result "0-1"]
[Board "149"]
[WhiteFideId "3509265"]
[BlackFideId "3508684"]
[WhiteTitle "GM"]
[BlackTitle "IM"]
[WhiteElo "2550"]
[BlackElo "2376"]
[WhiteTeam "Colombia"]
[BlackTeam "Panama"]
[WhiteClock "0:17:35"]
[BlackClock "0:26:40"]
[Variant "Standard"]

1. e4 {[%clk 1:30:57]}  c5 {[%clk 1:30:53]} 2. Nf3 {[%clk 1:31:16]}  d6 {[%clk 1:31:16]} 3. Bb5+ {[%clk 1:31:31]}  Bd7 {[%clk 1:31:33]} 4. Bxd7+ {[%clk 1:31:51]}  Nxd7 {[%clk 1:31:54]} 5. O-O {[%clk 1:31:35]}  Ngf6 {[%clk 1:32:14]} 6. Qe2 {[%clk 1:31:45]}  e6 {[%clk 1:32:33]} 7. b3 {[%clk 1:31:53]}  g6 {[%clk 1:32:53]} 8. c3 {[%clk 1:25:54]}  Bg7 {[%clk 1:31:41]} 9. d4 {[%clk 1:26:15]}  O-O {[%clk 1:25:11]} 10. Bf4 {[%clk 1:19:12]}  d5 {[%clk 1:13:55]} 11. e5 {[%clk 1:19:10]}  Ne4 {[%clk 1:14:15]} 12. Qe3 {[%clk 1:06:15]}  f6 {[%clk 0:56:27]} 13. Nbd2 {[%clk 0:54:24]}  g5 {[%clk 0:46:22]} 14. Bg3 {[%clk 0:44:28]}  Nxg3 {[%clk 0:46:28]} 15. hxg3 {[%clk 0:43:18]}  g4 {[%clk 0:46:50]} 16. exf6 {[%clk 0:38:46]}  Qxf6 {[%clk 0:45:12]} 17. Nh2 {[%clk 0:37:24]}  h5 {[%clk 0:35:25]} 18. Rad1 {[%clk 0:28:53]}  Rae8 {[%clk 0:35:20]} 19. Nb1 {[%clk 0:29:09]}  b6 {[%clk 0:31:29]} 20. Na3 {[%clk 0:24:25]}  e5 {[%clk 0:29:36]} 21. dxc5 {[%clk 0:23:10]}  d4 {[%clk 0:29:20]} 22. cxd4 {[%clk 0:17:09]}  exd4 {[%clk 0:27:59]} 23. Qc1 {[%clk 0:16:19]}  Nxc5 {[%clk 0:27:00]} 24. Nb5 {[%clk 0:14:00]}  Rd8 {[%clk 0:14:28]} 25. Nxa7 {[%clk 0:11:38]}  Kh8 {[%clk 0:13:11]} 26. Qc4 {[%clk 0:10:56]}  Ne4 {[%clk 0:11:09]} 27. Nb5 {[%clk 0:05:00]}  Nxf2 {[%clk 0:10:46]} 28. Rd2 {[%clk 0:03:29]}  Bh6 {[%clk 0:09:40]} 29. Rdxf2 {[%clk 0:02:00]}  Be3 {[%clk 0:10:07]} 30. Qe2 {[%clk 0:01:42]}  Qxf2+ {[%clk 0:02:36]} 31. Rxf2 {[%clk 0:01:59]}  Rxf2 {[%clk 0:03:01]} 32. Qxf2 {[%clk 0:02:26]}  Rf8 {[%clk 0:03:20]} 33. Qxe3 {[%clk 0:02:29]}  dxe3 {[%clk 0:03:48]} 34. Nc3 {[%clk 0:02:14]}  Rc8 {[%clk 0:03:57]} 35. Ne2 {[%clk 0:02:05]}  Rd8 {[%clk 0:04:19]} 36. Nf1 {[%clk 0:01:31]}  Rd1 {[%clk 0:04:32]} 37. Nf4 {[%clk 0:01:04]}  Rb1 {[%clk 0:02:53]} 38. a4 {[%clk 0:00:38]}  Rxb3 {[%clk 0:02:19]} 39. Kh2 {[%clk 0:00:50]}  Kh7 {[%clk 0:02:12]} 40. Ne2 {[%clk 0:00:36]}  Ra3 {[%clk 0:00:40]} 41. Nf4 {[%clk 0:26:10]}  Kh6 {[%clk 0:28:21]} 42. Ne2 {[%clk 0:18:33]}  Ra2 {[%clk 0:25:42]} 43. Nxe3 {[%clk 0:17:38]}  Rxe2 {[%clk 0:26:03]} 44. Nc4 {[%clk 0:18:07]}  Re6 {[%clk 0:26:03]} 45. Kg1 {[%clk 0:17:48]}  Kg5 {[%clk 0:26:08]} 46. Kf2 {[%clk 0:17:12]}  Kf5 {[%clk 0:25:54]} 47. a5 {[%clk 0:17:12]}  b5 {[%clk 0:26:16]} 48. Nb6 {[%clk 0:17:39]}  b4 {[%clk 0:26:02]} 49. a6 {[%clk 0:17:09]}  Rxb6 {[%clk 0:26:16]} 50. a7 {[%clk 0:17:35]}  Ra6 {[%clk 0:26:40]} 0-1

[Event "45th FIDE Chess Olympiad Open"]
[Site "Budapest, Hungary"]
[Date "2024.09.20"]
[Round "9"]
[White "Delgado Rosas, Alex Antonio"]
[Black "Cardoso Cardoso, Jose Gabriel"]
[Result "0-1"]
[Board "150"]
[WhiteFideId "6602150"]
[BlackFideId "4430492"]
[WhiteTitle "CM"]
[BlackTitle "GM"]
[WhiteElo "2157"]
[BlackElo "2508"]
[WhiteTeam "Panama"]
[BlackTeam "Colombia"]
[WhiteClock "0:19:42"]
[BlackClock "0:29:22"]
[Variant "Standard"]

1. d4 {[%clk 1:30:55]}  Nf6 {[%clk 1:30:42]} 2. Bf4 {[%clk 1:31:16]}  d5 {[%clk 1:30:35]} 3. e3 {[%clk 1:31:39]}  c5 {[%clk 1:30:55]} 4. Nf3 {[%clk 1:32:00]}  Nc6 {[%clk 1:31:16]} 5. Nbd2 {[%clk 1:32:23]}  cxd4 {[%clk 1:31:13]} 6. exd4 {[%clk 1:32:45]}  Bf5 {[%clk 1:31:37]} 7. c3 {[%clk 1:31:38]}  e6 {[%clk 1:32:03]} 8. Qb3 {[%clk 1:29:37]}  Bd6 {[%clk 1:32:26]} 9. Qxb7 {[%clk 1:23:10]}  Bxf4 {[%clk 1:32:51]} 10. Qxc6+ {[%clk 1:22:42]}  Kf8 {[%clk 1:33:16]} 11. g3 {[%clk 1:18:44]}  Bd6 {[%clk 1:33:19]} 12. Be2 {[%clk 1:15:42]}  h5 {[%clk 1:33:21]} 13. c4 {[%clk 1:06:23]}  dxc4 {[%clk 1:19:05]} 14. Rc1 {[%clk 1:03:00]}  c3 {[%clk 1:11:23]} 15. bxc3 {[%clk 0:50:06]}  Ba3 {[%clk 1:11:13]} 16. Rd1 {[%clk 0:41:26]}  Bc2 {[%clk 1:06:41]} 17. Qa6 {[%clk 0:41:36]}  Bb2 {[%clk 1:02:25]} 18. O-O {[%clk 0:38:10]}  Bxd1 {[%clk 1:02:26]} 19. Rxd1 {[%clk 0:38:06]}  Kg8 {[%clk 0:58:40]} 20. Nc4 {[%clk 0:23:01]}  Bxc3 {[%clk 0:54:37]} 21. Nce5 {[%clk 0:21:31]}  Qb6 {[%clk 0:36:33]} 22. Qc4 {[%clk 0:19:10]}  Qb4 {[%clk 0:28:32]} 23. Qc7 {[%clk 0:15:54]}  Rf8 {[%clk 0:28:57]} 24. Bc4 {[%clk 0:15:10]}  Qb6 {[%clk 0:27:23]} 25. Qxb6 {[%clk 0:08:10]}  axb6 {[%clk 0:27:06]} 26. Rc1 {[%clk 0:08:22]}  Bb4 {[%clk 0:25:50]} 27. Ng5 {[%clk 0:08:18]}  Bd2 {[%clk 0:10:16]} 28. Ngxf7 {[%clk 0:08:29]}  Bxc1 {[%clk 0:10:39]} 29. Nxh8 {[%clk 0:06:25]}  Nd5 {[%clk 0:11:03]} 30. Bxd5 {[%clk 0:05:33]}  exd5 {[%clk 0:11:12]} 31. Nhg6 {[%clk 0:05:53]}  Re8 {[%clk 0:10:53]} 32. Nd3 {[%clk 0:05:35]}  Bd2 {[%clk 0:08:11]} 33. Kf1 {[%clk 0:03:30]}  Re4 {[%clk 0:07:46]} 34. f3 {[%clk 0:02:17]}  Rxd4 {[%clk 0:07:53]} 35. Ke2 {[%clk 0:02:46]}  Bg5 {[%clk 0:07:57]} 36. a3 {[%clk 0:02:33]}  Kf7 {[%clk 0:05:02]} 37. Nge5+ {[%clk 0:02:07]}  Ke6 {[%clk 0:05:20]} 38. h4 {[%clk 0:00:35]}  Bf6 {[%clk 0:04:48]} 39. Nc6 {[%clk 0:01:03]}  Rc4 {[%clk 0:02:01]} 40. Ncb4 {[%clk 0:00:57]}  Be7 {[%clk 0:02:09]} 41. Nf4+ {[%clk 0:26:07]}  Rxf4 {[%clk 0:27:50]} 42. gxf4 {[%clk 0:26:29]}  Bxb4 {[%clk 0:26:47]} 43. axb4 {[%clk 0:26:57]}  Kf5 {[%clk 0:24:53]} 44. Ke3 {[%clk 0:25:06]}  b5 {[%clk 0:25:12]} 45. Kd4 {[%clk 0:23:33]}  Kxf4 {[%clk 0:25:38]} 46. Kxd5 {[%clk 0:23:45]}  g5 {[%clk 0:25:56]} 47. hxg5 {[%clk 0:23:40]}  Kxg5 {[%clk 0:26:21]} 48. Ke5 {[%clk 0:23:54]}  h4 {[%clk 0:26:48]} 49. f4 {[%clk 0:24:17]}  Kh6 {[%clk 0:27:06]} 50. Ke4 {[%clk 0:17:54]}  Kg6 {[%clk 0:27:13]} 51. Ke3 {[%clk 0:17:41]}  Kf5 {[%clk 0:27:10]} 52. Kf3 {[%clk 0:18:04]}  h3 {[%clk 0:27:38]} 53. Kg3 {[%clk 0:18:28]}  h2 {[%clk 0:28:00]} 54. Kxh2 {[%clk 0:18:55]}  Kxf4 {[%clk 0:28:27]} 55. Kg2 {[%clk 0:19:05]}  Ke3 {[%clk 0:28:55]} 56. Kf1 {[%clk 0:19:22]}  Kd2 {[%clk 0:29:22]} 57. Kf2 {[%clk 0:19:42]}  Kc3 {[%clk 0:29:22]} 0-1

[Event "45th FIDE Chess Olympiad Open"]
[Site "Budapest, Hungary"]
[Date "2024.09.20"]
[Round "9"]
[White "Avila Pavas, Santiago"]
[Black "Mendez Machado, Andre"]
[Result "1-0"]
[Board "151"]
[WhiteFideId "4437128"]
[BlackFideId "6603793"]
[WhiteTitle "GM"]
[BlackTitle "FM"]
[WhiteElo "2485"]
[BlackElo "2122"]
[WhiteTeam "Colombia"]
[BlackTeam "Panama"]
[WhiteClock "0:32:09"]
[BlackClock "0:01:58"]
[Variant "Standard"]

1. d4 {[%clk 1:30:57]}  d5 {[%clk 1:30:56]} 2. Nf3 {[%clk 1:31:06]}  e6 {[%clk 1:31:06]} 3. Bf4 {[%clk 1:31:29]}  Nf6 {[%clk 1:30:46]} 4. e3 {[%clk 1:31:52]}  Bd6 {[%clk 1:30:41]} 5. Nbd2 {[%clk 1:31:44]}  c5 {[%clk 1:29:48]} 6. dxc5 {[%clk 1:30:43]}  Bxc5 {[%clk 1:29:28]} 7. Bd3 {[%clk 1:31:06]}  Nc6 {[%clk 1:29:23]} 8. O-O {[%clk 1:31:30]}  O-O {[%clk 1:29:00]} 9. c4 {[%clk 1:31:52]}  h6 {[%clk 1:26:02]} 10. Rc1 {[%clk 1:25:32]}  Bd6 {[%clk 1:22:25]} 11. cxd5 {[%clk 1:12:01]}  Bxf4 {[%clk 1:08:32]} 12. dxc6 {[%clk 0:59:44]}  Bxe3 {[%clk 1:07:06]} 13. Bb5 {[%clk 0:31:04]}  Bxd2 {[%clk 0:50:43]} 14. Nxd2 {[%clk 0:26:33]}  bxc6 {[%clk 0:49:32]} 15. Bxc6 {[%clk 0:26:55]}  Rb8 {[%clk 0:49:24]} 16. Nc4 {[%clk 0:26:43]}  Ba6 {[%clk 0:48:35]} 17. Qa4 {[%clk 0:24:49]}  Bxc4 {[%clk 0:47:06]} 18. Rxc4 {[%clk 0:25:18]}  Qb6 {[%clk 0:38:41]} 19. b4 {[%clk 0:25:28]}  Rfd8 {[%clk 0:38:30]} 20. Qc2 {[%clk 0:24:28]}  Nd5 {[%clk 0:33:23]} 21. a3 {[%clk 0:21:08]}  Rd6 {[%clk 0:32:58]} 22. h3 {[%clk 0:15:04]}  Rbd8 {[%clk 0:32:41]} 23. Qc1 {[%clk 0:14:54]}  Kh8 {[%clk 0:23:00]} 24. g3 {[%clk 0:15:08]}  Kg8 {[%clk 0:22:45]} 25. Rc5 {[%clk 0:13:48]}  Ne7 {[%clk 0:19:38]} 26. Be4 {[%clk 0:14:04]}  Rd2 {[%clk 0:17:56]} 27. Rc7 {[%clk 0:09:52]}  Nf5 {[%clk 0:15:23]} 28. Bxf5 {[%clk 0:07:06]}  exf5 {[%clk 0:15:52]} 29. Qc5 {[%clk 0:07:05]}  Qg6 {[%clk 0:09:24]} 30. Qxa7 {[%clk 0:04:13]}  R2d3 {[%clk 0:09:22]} 31. Kh2 {[%clk 0:02:07]}  f4 {[%clk 0:09:14]} 32. g4 {[%clk 0:02:33]}  Rxh3+ {[%clk 0:02:14]} 33. Kxh3 {[%clk 0:02:59]}  Qd3+ {[%clk 0:02:38]} 34. Kh2 {[%clk 0:02:41]}  Qxf1 {[%clk 0:02:58]} 35. Rxf7 {[%clk 0:03:07]}  Qa1 {[%clk 0:03:08]} 36. Rxf4 {[%clk 0:03:13]}  Qe5 {[%clk 0:01:55]} 37. Qe3 {[%clk 0:03:07]}  Qd6 {[%clk 0:02:01]} 38. Kg2 {[%clk 0:03:10]}  Qg6 {[%clk 0:01:19]} 39. Qe4 {[%clk 0:03:18]}  Qg5 {[%clk 0:01:36]} 40. Qf5 {[%clk 0:03:00]}  Qe7 {[%clk 0:01:58]} 41. a4 {[%clk 0:32:09]} 1-0

[Event "45th FIDE Chess Olympiad Open"]
[Site "Budapest, Hungary"]
[Date "2024.09.20"]
[Round "9"]
[White "Baules Rodriguez, Jorge Luis"]
[Black "Munoz Triana, Joseph Steve"]
[Result "1/2-1/2"]
[Board "152"]
[WhiteFideId "6600247"]
[BlackFideId "4481712"]
[WhiteTitle "IM"]
[WhiteElo "2271"]
[BlackElo "2270"]
[WhiteTeam "Panama"]
[BlackTeam "Colombia"]
[WhiteClock "0:01:08"]
[BlackClock "0:18:44"]
[Variant "Standard"]

1. d4 {[%clk 1:30:54]}  Nf6 {[%clk 1:30:23]} 2. c4 {[%clk 1:31:06]}  e6 {[%clk 1:30:23]} 3. Nf3 {[%clk 1:31:20]}  d5 {[%clk 1:27:41]} 4. g3 {[%clk 1:31:27]}  Bd6 {[%clk 1:24:18]} 5. Bg2 {[%clk 1:31:17]}  Nc6 {[%clk 1:23:53]} 6. O-O {[%clk 1:30:14]}  O-O {[%clk 1:23:56]} 7. Nbd2 {[%clk 1:21:05]}  Re8 {[%clk 1:21:54]} 8. b3 {[%clk 1:18:28]}  e5 {[%clk 1:17:49]} 9. dxe5 {[%clk 1:13:19]}  Nxe5 {[%clk 1:18:04]} 10. cxd5 {[%clk 1:04:36]}  Nxd5 {[%clk 1:16:17]} 11. Bb2 {[%clk 1:04:41]}  c6 {[%clk 1:09:38]} 12. Nxe5 {[%clk 1:00:01]}  Bxe5 {[%clk 1:09:53]} 13. Bxe5 {[%clk 1:00:30]}  Rxe5 {[%clk 1:10:10]} 14. Nc4 {[%clk 1:00:55]}  Re8 {[%clk 1:10:01]} 15. e4 {[%clk 1:01:07]}  Nb6 {[%clk 1:02:08]} 16. Nd6 {[%clk 0:53:37]}  Re6 {[%clk 1:02:20]} 17. Nxc8 {[%clk 0:53:34]}  Rxc8 {[%clk 1:02:43]} 18. Bh3 {[%clk 0:52:02]}  Rd6 {[%clk 1:03:04]} 19. Qc2 {[%clk 0:52:31]}  Rd2 {[%clk 1:00:32]} 20. Qc3 {[%clk 0:50:49]}  Ra8 {[%clk 0:56:51]} 21. Bg4 {[%clk 0:46:00]}  Qd4 {[%clk 0:53:45]} 22. Qxd4 {[%clk 0:40:09]}  Rxd4 {[%clk 0:52:18]} 23. Rfe1 {[%clk 0:40:37]}  Kf8 {[%clk 0:40:11]} 24. f4 {[%clk 0:39:02]}  a5 {[%clk 0:37:41]} 25. Rad1 {[%clk 0:36:11]}  Rxd1 {[%clk 0:31:25]} 26. Rxd1 {[%clk 0:36:30]}  a4 {[%clk 0:31:48]} 27. Rd4 {[%clk 0:34:24]}  axb3 {[%clk 0:24:06]} 28. axb3 {[%clk 0:34:47]}  Rb8 {[%clk 0:21:33]} 29. Kf2 {[%clk 0:18:17]}  Ke7 {[%clk 0:21:14]} 30. Rb4 {[%clk 0:15:15]}  Kd6 {[%clk 0:21:16]} 31. Rd4+ {[%clk 0:15:13]}  Kc7 {[%clk 0:19:04]} 32. Ke3 {[%clk 0:15:11]}  Ra8 {[%clk 0:19:13]} 33. Bh5 {[%clk 0:14:46]}  g6 {[%clk 0:13:28]} 34. Be2 {[%clk 0:15:00]}  Ra3 {[%clk 0:13:43]} 35. Rd3 {[%clk 0:15:01]}  Nd7 {[%clk 0:13:24]} 36. Rc3 {[%clk 0:11:59]}  f6 {[%clk 0:12:52]} 37. h4 {[%clk 0:11:33]}  Kd6 {[%clk 0:11:20]} 38. Rd3+ {[%clk 0:09:01]}  Ke7 {[%clk 0:11:22]} 39. Rc3 {[%clk 0:08:52]}  Kd6 {[%clk 0:10:44]} 40. Rd3+ {[%clk 0:08:58]}  Kc7 {[%clk 0:10:32]} 41. Rc3 {[%clk 0:09:06]}  h6 {[%clk 0:08:59]} 42. Bd3 {[%clk 0:07:20]}  g5 {[%clk 0:07:46]} 43. Be2 {[%clk 0:04:13]}  b6 {[%clk 0:04:34]} 44. Kf3 {[%clk 0:03:59]}  gxh4 {[%clk 0:04:51]} 45. gxh4 {[%clk 0:04:04]}  Kd6 {[%clk 0:04:49]} 46. Kg4 {[%clk 0:02:25]}  Nc5 {[%clk 0:29:24]} 47. Kf5 {[%clk 0:32:54]}  Ke7 {[%clk 0:29:32]} 48. Bc4 {[%clk 0:31:40]}  Nb7 {[%clk 0:24:56]} 49. Kg6 {[%clk 0:19:33]}  Ra2 {[%clk 0:20:07]} 50. Kxh6 {[%clk 0:13:31]}  Rf2 {[%clk 0:18:59]} 51. Rg3 {[%clk 0:13:37]}  Nd6 {[%clk 0:17:17]} 52. Rg7+ {[%clk 0:08:02]}  Kf8 {[%clk 0:17:33]} 53. Rg8+ {[%clk 0:08:19]}  Ke7 {[%clk 0:18:00]} 54. Rg7+ {[%clk 0:02:42]}  Kf8 {[%clk 0:18:22]} 55. Rg8+ {[%clk 0:00:49]}  Ke7 {[%clk 0:18:44]} 56. Rg7+ {[%clk 0:01:08]} 1/2-1/2

[Event "45th FIDE Chess Olympiad Open"]
[Site "Budapest, Hungary"]
[Date "2024.09.20"]
[Round "9"]
[White "Cabralis, Quinn"]
[Black "Stefansson, Hannes"]
[Result "0-1"]
[Board "154"]
[WhiteFideId "7700440"]
[BlackFideId "2300087"]
[WhiteTitle "FM"]
[BlackTitle "GM"]
[WhiteElo "2169"]
[BlackElo "2471"]
[WhiteTeam "Trinidad & Tobago"]
[BlackTeam "Iceland"]
[WhiteClock "0:01:05"]
[BlackClock "0:43:14"]
[Variant "Standard"]

1. e4 {[%clk 1:30:57]}  c6 {[%clk 1:30:44]} 2. d4 {[%clk 1:30:49]}  d5 {[%clk 1:30:48]} 3. e5 {[%clk 1:31:06]}  Bf5 {[%clk 1:30:58]} 4. h4 {[%clk 1:30:52]}  a6 {[%clk 1:30:53]} 5. h5 {[%clk 1:30:26]}  c5 {[%clk 1:30:34]} 6. dxc5 {[%clk 1:29:56]}  Nc6 {[%clk 1:30:18]} 7. Bd3 {[%clk 1:29:27]}  Qd7 {[%clk 1:29:54]} 8. Nf3 {[%clk 1:19:42]}  Bg4 {[%clk 1:27:32]} 9. Bf4 {[%clk 1:00:51]}  f6 {[%clk 1:25:34]} 10. Be2 {[%clk 0:54:15]}  Bxf3 {[%clk 1:23:16]} 11. Bxf3 {[%clk 0:54:14]}  fxe5 {[%clk 1:23:34]} 12. Bg3 {[%clk 0:53:41]}  e6 {[%clk 1:23:14]} 13. c4 {[%clk 0:51:12]}  Nf6 {[%clk 1:16:53]} 14. Nc3 {[%clk 0:46:34]}  Rd8 {[%clk 1:12:00]} 15. cxd5 {[%clk 0:41:37]}  exd5 {[%clk 1:12:14]} 16. Bh4 {[%clk 0:41:49]}  e4 {[%clk 1:10:01]} 17. Be2 {[%clk 0:37:18]}  Bxc5 {[%clk 1:08:54]} 18. h6 {[%clk 0:37:37]}  O-O {[%clk 1:08:40]} 19. hxg7 {[%clk 0:31:51]}  Qxg7 {[%clk 1:08:16]} 20. Rh3 {[%clk 0:12:31]}  Kh8 {[%clk 1:07:19]} 21. Rg3 {[%clk 0:09:34]}  Qf7 {[%clk 1:03:56]} 22. Rg5 {[%clk 0:09:06]}  Ng8 {[%clk 0:54:23]} 23. f3 {[%clk 0:00:42]}  Qf4 {[%clk 0:50:24]} 24. Rxg8+ {[%clk 0:00:41]}  Rxg8 {[%clk 0:48:34]} 25. Bxd8 {[%clk 0:01:01]}  Rxd8 {[%clk 0:47:23]} 26. Qb3 {[%clk 0:01:21]}  Nd4 {[%clk 0:45:58]} 27. Qa4 {[%clk 0:01:05]}  exf3 {[%clk 0:45:07]} 28. gxf3 {[%clk 0:00:59]}  Rg8 {[%clk 0:44:52]} 29. Qa5 {[%clk 0:00:36]}  Rg1+ {[%clk 0:44:06]} 30. Kf2 {[%clk 0:01:05]}  Nf5+ {[%clk 0:43:14]} 0-1